Nové prístupy k budovaniu katalógov knižnice
Na minha lista:
| Autor principal: | |
|---|---|
| Formato: | Livro |
| Idioma: | eslovaco |
| Publicado em: |
Bratislava
Slovenská technická knižnica - Centrum VTI SR
1993
|
| Edição: | 1. vyd. |
| Assuntos: | |
| Tags: |
Sem tags, seja o primeiro a adicionar uma tag!
|
MARC
| LEADER | 00000nam a2200000 4500 | ||
|---|---|---|---|
| 001 | c018181 | ||
| 005 | 20230228095219.9 | ||
| 020 | |a 80-85165-42-2 | ||
| 041 | 0 | |a slo | |
| 044 | |a SK | ||
| 245 | 1 | 0 | |a Nové prístupy k budovaniu katalógov knižnice |c Zora Jurčacková |
| 250 | |a 1. vyd. | ||
| 264 | 1 | |a Bratislava |b Slovenská technická knižnica - Centrum VTI SR |c 1993 | |
| 300 | |a 84 s. | ||
| 610 | 2 | 0 | |a knižnice |
| 610 | 2 | 0 | |a katalógy knižničné |
| 610 | 2 | 0 | |a metodika |
| 100 | 1 | |a Jurčacková, Zora | |